The theory of international trade / (Record no. 34952)

MARC details
000 -LEADER
fixed length control field 00999cam a2200289 a 4500
001 - CONTROL NUMBER
control field 2422892
003 - CONTROL NUMBER IDENTIFIER
control field OSt
005 - DATE AND TIME OF LATEST TRANSACTION
control field 20220416121120.0
008 - FIXED-LENGTH DATA ELEMENTS--GENERAL INFORMATION
fixed length control field 870916s1988 nyua b 001 0 eng
010 ## - LIBRARY OF CONGRESS CONTROL NUMBER
LC control number 87027001
020 ## - INTERNATIONAL STANDARD BOOK NUMBER
International Standard Book Number 0060442123
040 ## - CATALOGING SOURCE
Original cataloging agency DLC
Transcribing agency HU
Modifying agency DLC
043 ## - GEOGRAPHIC AREA CODE
Geographic area code n-cn---
050 00 - LIBRARY OF CONGRESS CALL NUMBER
Classification number HF1379
Item number .M37 1988
082 00 - DEWEY DECIMAL CLASSIFICATION NUMBER
Classification number 382.1/04
Edition number 19
100 1# - MAIN ENTRY--PERSONAL NAME
Personal name Markusen, James R.,
Dates associated with a name 1948-
9 (RLIN) 36138
245 14 - TITLE STATEMENT
Title The theory of international trade /
Statement of responsibility, etc. James R. Markusen, James R. Melvin.
260 ## - PUBLICATION, DISTRIBUTION, ETC.
Place of publication, distribution, etc. New York :
Name of publisher, distributor, etc. Harper & Row,
Date of publication, distribution, etc. c1988.
300 ## - PHYSICAL DESCRIPTION
Extent x, 342 p. :
Other physical details ill. ;
Dimensions 24 cm.
500 ## - GENERAL NOTE
General note Portions of the book were originally published: The theory of international trade and its Canadian applications. Toronto : Butterworths, 1984.
504 ## - BIBLIOGRAPHY, ETC. NOTE
Bibliography, etc. note Includes bibliographies and index.
650 #0 - SUBJECT ADDED ENTRY--TOPICAL TERM
Topical term or geographic name entry element International trade.
9 (RLIN) 6644
651 #0 - SUBJECT ADDED ENTRY--GEOGRAPHIC NAME
Geographic name Canada
General subdivision Commerce.
9 (RLIN) 36139
700 1# - ADDED ENTRY--PERSONAL NAME
Personal name Melvin, James R.
9 (RLIN) 36140
906 ## - LOCAL DATA ELEMENT F, LDF (RLIN)
a 7
b cbc
c orignew
d 1
e ocip
f 19
g y-gencatlg
942 ## - ADDED ENTRY ELEMENTS (KOHA)
Source of classification or shelving scheme Dewey Decimal Classification
Koha item type Books like text book referance book
Suppress in OPAC No
Holdings
Withdrawn status Lost status Source of classification or shelving scheme Damaged status Not for loan Collection code Home library Current library Shelving location Date acquired Total Checkouts Full call number Barcode Date last seen Copy number Price effective from Koha item type
    Dewey Decimal Classification     Reference Wondo Genet Library Wondo Genet Library General Stacks 04/16/2022   382.1/04 MAR 1988 WGCFNRL00015981 04/16/2022 1 04/16/2022 Books like text book referance book